Memoria de la Casa de Expósitos de Vizcaya : año 1925 año 1925
Descripción Física:
18, [3] p., [26] f. de làm., 2 f. solts : fot. ; 24 cm
Otros Autores:
Casa de Expósitos de Vizcaya
Materias:
Casa de Expósitos de Vizcaya -- Memòries
MARC
| LEADER | 00000nam a2200000Ia 4500 | ||
|---|---|---|---|
| 001 | 21469 | ||
| 008 | 160829s1926 xx 000 0 cat d | ||
| 080 | |a RF-12-89 | ||
| 245 | |a Memoria de la Casa de Expósitos de Vizcaya : |b año 1925 | ||
| 260 | |a Bilbao : |b Imp. de la Junta de Protección a la Infancia, |c 1926 | ||
| 300 | |a 18, [3] p., [26] f. de làm., 2 f. solts : |b fot. ; |c 24 cm | ||
| 590 | |a Prové de J-1620. | ||
| 590 | |a Inclouels plànols de l'escola i fotografies de les sales. | ||
| 650 | |a Casa de Expósitos de Vizcaya |x Memòries |9 47866 | ||
| 700 | |a Casa de Expósitos de Vizcaya |9 47867 | ||
| 856 | 4 | |u https://media.diba.cat/diba/fitxers/arxiu/fulletons/bib_21469_1926_baixa.pdf |y Accés lliure | |
| 856 | 4 | |u https://media.diba.cat/diba/fitxers/arxiu/fulletons/bib_21469_1926_baixa.pdf |y Accés lliure | |
| 901 | |a Arxiu | ||
| 942 | |n 1 |2 udc | ||
| 952 | |0 0 |1 0 |4 0 |6 RF1289 |7 1 |9 54263 |a Arxiu |b Arxiu |d 2016-12-01 |l 0 |o RF-12-89 |p 21469 |r 2016-12-01 00:00:00 |w 2016-12-01 |y ARXIU | ||
| 999 | |c 58132 |d 58132 | ||
| 900 | |a bib_21469_1926_baixa.pdf | ||